Guess the Morgan Wallen Song by Lyric #2 - Statistics

General Stats
  • This quiz has been taken 117 times
  • The average score is 6 of 12
Answer Stats
Lyric Title % Correct
"Can't remeber everything we said but we said it all" Last Night
80%
"Never gonna settle on down girls / Leave you in a lonely ghost town" Cowgirls
72%
"Look my in my eyes, eyes, eyes" Lies Lies Lies
70%
"Rumors going all over town / Can't keep my name out your mouth" Love Somebody
58%
"We held hands and waded into that blue water" Sand In My Boots
52%
"Might wind up and steal a couple kisses / Get your digits if I can find the right line" Spin You Around
51%
"Tuesday night was just another fight / Wednesday I thought everything would change" Heartless
48%
"Bobber's in the pond goin'" Up Down
47%
"When you close your eyes tell me who do you see?" Thinkin Bout Me
37%
"Comin' up at 8AM / 9AM / All the way to 10 PM" Sunrise
31%
"Even took you to my hometown, to meet my momma" Everything I Love
25%
"Won't you go away? / Come again some other day?" Whiskey Whiskey
10%
No matching quizzes found
Score Distribution
Percent of People with Each Score
Percentile by Number Answered
Your Score History
You have not taken this quiz